Северная стратегия России: экологическая безопасность и этнокультурная политика (Запись № 2599541)

Подробности
000 -МАРКЕР
контрольное поле 02152nam0a2200361 4500
001 - ИДЕНТИФИКАТОР ЗАПИСИ
контрольное поле RU\NLR\bibl\1876457
005 - ИДЕНТИФИКАТОР ВЕРСИИ
контрольное поле 20260408030052.0
010 ## - МЕЖДУНАРОДНЫЙ СТАНДАРТНЫЙ НОМЕР КНИГИ (ISBN)
Номер (ISBN) 978-5-93905-044-9
Тираж 600
021 ## - НОМЕР ГОСУДАРСТВЕННОЙ РЕГИСТРАЦИИ
Код страны Российская Федерация
Номер 2012-11169
Номер Листа государственной регистраци 842
035 ## - ДРУГИЕ СИСТЕМНЫЕ НОМЕРА
Идентификатор записи (NLR Aleph) 001866258
100 ## - ДАННЫЕ ОБЩЕЙ ОБРАБОТКИ
Данные общей обработки 20120302d2011 |||y0rusy50 ca
101 0# - ЯЗЫК РЕСУРСА
Язык текста, звукозаписи и т.д. русский
102 ## - СТРАНА ПУБЛИКАЦИИ ИЛИ ПРОИЗВОДСТВА
Страна публикации Российская Федерация
105 ## - ПОЛЕ КОДИРОВАННЫХ ДАННЫХ: ТЕКСТОВЫЕ МАТЕРИАЛЫ, МОНОГРАФИЧЕСКИЕ
Кодированные данные о монографическом текстовом документе a |||||||||
200 1# - ЗАГЛАВИЕ И СВЕДЕНИЯ ОБ ОТВЕТСТВЕННОСТИ
Основное заглавие Северная стратегия России: экологическая безопасность и этнокультурная политика
Сведения, относящиеся к заглавию материалы VI Северного социально-экологического конгресса, Сыктывкар, 20 апреля 2010 года, Москва 22-23 апреля 2010 года
Первые сведения об ответственности отв. ред.: В.А. Черешнев - акад. РАН, д.м.н.
210 ## - ПУБЛИКАЦИЯ, РАСПРОСТРАНЕНИЕ И ДР.
Место издания, распространения и т.д. Москва
Имя издателя, распространителя и т. д. Первая Оперативная Типография
Дата издания, распространения и т.д. 2011
215 ## - ФИЗИЧЕСКАЯ ХАРАКТЕРИСТИКА
Специфическое обозначение материала и объем 447 с., [12] л. цв. ил., карт.
Другие сведения о физической характеристике ил.
Размеры 24
225 1# - СЕРИЯ
Основное заглавие серии Российский Север: социально-экологическая стратегия
300 ## - ОБЩИЕ ПРИМЕЧАНИЯ
Текст примечания На авантит. в надзаг.: Ком. Гос. Думы Федер. Собр. Рос. Федерации по науке и наукоемким технологиям, Рос. акад. наук, Урал. отд-ние
320 ## - ПРИМЕЧАНИЯ О НАЛИЧИИ В ДОКУМЕНТЕ БИБЛИОГРАФИИ / УКАЗАТЕЛЯ
Текст примечания Библиогр. в конце докл.
606 1# - НАИМЕНОВАНИЕ ТЕМЫ КАК ПРЕДМЕТ
Наименование темы Экологическая безопасность
Формальный подзаголовок Съезды, совещания и т.п.
Географический подзаголовок Российская Федерация
-- Север
Системный номер авторитетной/нормативной записи 2472788
Идентификатор авторитетной/нормативной записи RU\NLR\auth\661468484
686 ## - ИНДЕКСЫ ДРУГИХ КЛАССИФИКАЦИЙ
Индекс У28(2Р31)1я431
686 ## - ИНДЕКСЫ ДРУГИХ КЛАССИФИКАЦИЙ
Индекс У28(2Р1)1я431
702 #1 - ИМЯ ЛИЦА - ВТОРИЧНАЯ ОТВЕТСТВЕННОСТЬ
Код отношения Редактор
Начальный элемент ввода Черешнев
Часть имени, кроме начального элемента ввода В. А.
Дополнения к именам, кроме дат д-р мед. наук
Даты 1944-
Расширение инициалов личного имени Валерий Александрович
Системный номер авторитетной/нормативной записи 141134
Идентификатор авторитетной/нормативной записи RU\NLR\AUTH\770141170
711 12 - НАИМЕНОВАНИЕ ОРГАНИЗАЦИИ - АЛЬТЕРНАТИВНАЯ ОТВЕТСТВЕННОСТЬ
Начальный элемент ввода Северный социально-экологический конгресс
Порядковый номер временной организации и / или порядковый номер ее части 6
Дата проведения временной организации 2010
Место проведения временной организации Сыктывкар/Москва
Идентификатор авторитетной/нормативной записи RU\NLR\AUTH\8810187527
Системный номер авторитетной/нормативной записи 868425
801 #0 - ИСТОЧНИК ЗАПИСИ
Страна Российская Федерация
Организация NLR
Дата составления 20120302
Правила каталогизации RCR
801 #1 - ИСТОЧНИК ЗАПИСИ
Страна Российская Федерация
Организация NLR
Дата составления 20120302
942 ## - ДОПОЛНИТЕЛЬНЫЕ ЭЛЕМЕНТЫ ЗАПИСИ (АБИС)
Тип экземпляра АБИС Книга
980 ## - КОЛЛЕКЦИЯ
Название коллекции Национальная библиография
980 ## - КОЛЛЕКЦИЯ
Название коллекции НБР
Экземпляры
Тип экземпляра Дата поступления Источник поступления Библиотека постоянного хранения Библиотека текущего хранения Место хранения Шифр хранения Штрих-код Статус экземпляра
Книга 02.03.2012 Обязательный экземпляр РНБ (Московский) РНБ (Московский) Русский книжный фонд: издания с 1957 года 2012-7/1226 3607654  
Книга 02.03.2012 Обязательный экземпляр РНБ (Московский) РНБ (Московский) Русский книжный фонд: издания с 1957 года 2012-7/1226 3607657